000 00642nam a2200193Ia 4500
003 GCL
008 140319s9999 xx 000 0 ara d
040 _aGCL /
_cGCL
082 0 4 _a370.15
_bب ت
100 1 _aرجاء محمود ابوعلام (مراجعه)
245 1 0 _aتنمية التفكير النقدى /
_cرجاء محمود ابوعلام (مراجعه)
700 1 _aبروكفيلد، ستيفن
700 1 _aسمير عبداللطيف (ترجمه)
490 _a100 قصة
_v0
650 0 4 _aالتعليم
650 0 4 _aالتعليم - فلسفة
650 0 4 _aالتعليم - طرق معالجة
942 _2ddc
_cBK
999 _c44271
_d44271